| 000 | 01008cam a2200289 i 4500 | ||
|---|---|---|---|
| 001 | bg | ||
| 003 | KOSZ 005 | ||
| 005 | 20190719115231.0 | ||
| 008 | 990212s1999 pl a f |000 0 pol | ||
| 015 | _aPB 1999/2510 | ||
| 020 | _a838793609X | ||
| 040 |
_aWA N _cKOSZ 005/HR _dKOSZ 005/HR |
||
| 080 | _a339.138 | ||
| 080 | _a66/69 | ||
| 080 | _a(075.8) | ||
| 100 | 1 |
_aUrbaniak, Maciej _d(1970- ). |
|
| 245 | 1 | 0 |
_aMarketing przemysłowy : _b[relacje klient - dostawca, wymagania jakościowe, promocja : strategia cen, zielony marketing, logistyka : przykłady] / _cMaciej Urbaniak. |
| 260 |
_aWarszawa : _b"Infor", _c1999. |
||
| 300 |
_a205 s. : _brys., wykr. ; _c24 cm. |
||
| 490 | 1 | _aPodręczniki. | |
| 504 | _aBibliogr. s. 193-196. | ||
| 650 | 4 |
_aPrzemysł _xmarketing. |
|
| 655 | 4 | _aPodręczniki akademickie | |
| 830 | 0 | _aPodręczniki ("Infor") | |
| 856 |
_uhttp://koha.tu.koszalin.pl/cgi-bin/koha/opac-detail.pl?biblionumber=36797 _zKatalog online BPK |
||
| 942 |
_2UKD _cKS |
||
| 999 |
_c36797 _d36797 |
||